| 000 | 00372nam a2200145Ia 4500 | ||
|---|---|---|---|
| 100 | _aGolding/E.W/ Widdis/F.C | ||
| 650 | _aElectrical Engineering | ||
| 942 | _cBK | ||
| 654 | _aMeasuring Instruments | ||
| 245 | _aElectrical Measurements & Measuring Instruments | ||
| 260 |
_bA.H.Wheelar & Co _aAllahabad _c1985 |
||
| 082 | _a621.3 | ||
| 300 | _a951 | ||
| 546 | _aENGLISH | ||
| 999 |
_c23219 _d23219 |
||